[Event "CAN-ch U12"]
[Site "Windsor"]
[Date "2016.07.08"]
[Round "7.63"]
[White "Du, Robert"]
[Black "Ladhani, Kiyan"]
[Result "0-1"]
[WhiteElo "1383"]
[BlackElo "874"]
[PlyCount "96"]
[EventDate "2016.07.05"]
[EventType "swiss"]
[EventRounds "7"]
[EventCountry "CAN"]
[SourceTitle "EXT 2022"]
[Source "ChessBase"]
[SourceDate "2021.10.06"]
[SourceVersion "1"]
[SourceVersionDate "2021.10.06"]
[SourceQuality "1"]

1. e4 e5 2. Nf3 Nc6 3. Bc4 Nd4 4. c3 Nxf3+ 5. Qxf3 Qf6 6. Qxf6 Nxf6 7. d3 Bc5 8. h3 d6 9. 0-0 h6 10. Be3 Bxe3 11. fxe3 0-0 12. Nd2 c6 13. Rad1 b5 14. Bb3 Bb7 15. Nf3 Rae8 16. Rfe1 d5 17. exd5 cxd5 18. d4 e4 19. Nd2 a5 20. Bc2 a4 21. b3 Rc8 22. bxa4 Rxc3 23. Bb3 Bc6 24. Nb1 Rd3 25. Rxd3 exd3 26. axb5 Bxb5 27. Nc3 Bc4 28. Rd1 Bxb3 29. axb3 Rb8 30. Rb1 d2 31. Kf2 Rc8 32. Ne2 Ne4+ 33. Kf3 Rb8 34. b4 Rxb4 35. Rd1 g5 36. g4 Kg7 37. Ng3 Nxg3 38. Kxg3 Rb3 39. Kf3 Rb2 40. Ke2 Kg6 41. Rxd2 Rxd2+ 42. Kxd2 f5 43. Ke2 fxg4 44. hxg4 h5 45. Kf3 hxg4+ 46. Kxg4 Kf6 47. Kg3 Kf5 48. Kf3 g4+ 0-1

[Event "CAN-ch U12"]
[Site "Windsor"]
[Date "2016.07.07"]
[Round "5.64"]
[White "Cloutier, Simon"]
[Black "Ladhani, Kiyan"]
[Result "1/2-1/2"]
[WhiteElo "1167"]
[BlackElo "874"]
[PlyCount "62"]
[EventDate "2016.07.05"]
[EventType "swiss"]
[EventRounds "7"]
[EventCountry "CAN"]
[SourceTitle "EXT 2022"]
[Source "ChessBase"]
[SourceDate "2021.10.06"]
[SourceVersion "1"]
[SourceVersionDate "2021.10.06"]
[SourceQuality "1"]

1. e4 e5 2. Nf3 Nf6 3. Nc3 Nc6 4. Bc4 Bb4 5. d3 d6 6. h3 Nd4 7. a3 Bxc3+ 8. bxc3 Nxf3+ 9. Qxf3 h6 10. 0-0 c6 11. d4 d5 12. exd5 cxd5 13. dxe5 dxc4 14. exf6 Qxf6 15. Qxf6 gxf6 16. Re1+ Kf8 17. Re4 b5 18. Rf4 Ke7 19. Rh4 Bb7 20. f3 Rag8 21. Rg4 h5 22. Rxg8 Rxg8 23. Kf2 Re8 24. a4 Ba6 25. Ke3 Kd6+ 26. Kd2 Rd8 27. Ke3 Kc5 28. Ba3+ Kb6 29. Bb4 Re8+ 30. Kf2 Rd8 31. Ke3 Re8+ 1/2-1/2

[Event "CAN-ch U12"]
[Site "Windsor"]
[Date "2016.07.07"]
[Round "4.61"]
[White "Ladhani, Kiyan"]
[Black "Chen, Hao"]
[Result "0-1"]
[WhiteElo "874"]
[BlackElo "1296"]
[PlyCount "98"]
[EventDate "2016.07.05"]
[EventType "swiss"]
[EventRounds "7"]
[EventCountry "CAN"]
[SourceTitle "EXT 2022"]
[Source "ChessBase"]
[SourceDate "2021.10.06"]
[SourceVersion "1"]
[SourceVersionDate "2021.10.06"]
[SourceQuality "1"]

1. e4 e5 2. Nf3 Nc6 3. Bc4 Bc5 4. d3 h6 5. b3 Nf6 6. Bb2 d6 7. Nc3 Bg4 8. h3 Bh5 9. Bb5 a6 10. Bxc6+ bxc6 11. Na4 Bb6 12. g4 Bg6 13. Qd2 Rb8 14. Qc3 Qd7 15. 0-0-0 Bxf2 16. Rhf1 Bg3 17. d4 Nxe4 18. dxe5 Nxc3 19. Bxc3 0-0 20. exd6 cxd6 21. Nc5 Qc8 22. Nd3 d5 23. Nde5 Bh7 24. g5 Bf4+ 25. Kb1 hxg5 26. h4 gxh4 27. Nxh4 Bxe5 28. Bxe5 Rb7 29. Rg1 f6 30. Bd6 Rff7 31. Ng6 Bxg6 32. Rxg6 Qe6 33. Bc5 Qf5 34. Rdg1 Rbd7 35. Rh6 g5 36. Re1 Kg7 37. Rh5 Kg6 38. Reh1 Rh7 39. Rxh7 Rxh7 40. Rg1 Qf3 41. Kb2 Rh2 42. a3 Qe2 43. Rc1 Qb5 44. Bd6 Rg2 45. Bb4 c5 46. Bc3 d4 47. a4 dxc3+ 48. Kxc3 Qb4+ 49. Kb2 c4 0-1

[Event "CAN-ch U12"]
[Site "Windsor"]
[Date "2016.07.06"]
[Round "3.65"]
[White "Shi, David"]
[Black "Ladhani, Kiyan"]
[Result "1/2-1/2"]
[WhiteElo "1302"]
[BlackElo "874"]
[PlyCount "170"]
[EventDate "2016.07.05"]
[EventType "swiss"]
[EventRounds "7"]
[EventCountry "CAN"]
[SourceTitle "EXT 2022"]
[Source "ChessBase"]
[SourceDate "2021.10.06"]
[SourceVersion "1"]
[SourceVersionDate "2021.10.06"]
[SourceQuality "1"]

1. e4 e5 2. Nf3 Nf6 3. Nxe5 Qe7 4. Nf3 d5 5. e5 Bg4 6. d4 c5 7. c3 Bxf3 8. Bb5+ Nfd7 9. Qxf3 cxd4 10. Qxd5 Nc6 11. Bxc6 bxc6 12. Qxd4 Nxe5 13. 0-0 c5 14. Qe4 Rd8 15. Re1 Rd5 16. Bf4 Nd3 17. Qxe7+ Bxe7 18. c4 Rd7 19. Rxe7+ Rxe7 20. Be3 0-0 21. Nc3 Rfe8 22. Nd5 Rd7 23. b3 a6 24. Rd1 Nb4 25. Nf6+ gxf6 26. Rxd7 Nc2 27. Rd3 Nb4 28. Rd2 a5 29. h3 Re5 30. a3 Na6 31. Rd6 Re6 32. Rd5 Re5 33. Kf1 Kf8 34. Ke2 Ke7 35. Rxe5+ fxe5 36. Kd3 f5 37. f4 e4+ 38. Kc3 Kd6 39. g4 Ke6 40. Kc2 Kf6 41. g5+ Kg6 42. Bd2 Nc7 43. Bxa5 Ne6 44. Bb6 Nxf4 45. h4 e3 46. Bxc5 e2 47. Kd2 e1Q+ 48. Kxe1 Nd3+ 49. Kd2 Nxc5 50. b4 Ne4+ 51. Ke3 Nd6 52. c5 Nc4+ 53. Kf3 Nxa3 54. c6 Nb5 55. Kf4 Nc3 56. Ke5 Nb5 57. Kd5 f4 58. Ke4 f3 59. Kxf3 Nd4+ 60. Kf4 Nxc6 61. b5 Ne7 62. Kg4 Nd5 63. h5+ Kg7 64. Kf5 h6 65. g6 Ne7+ 66. Ke6 Nc8 67. Kd7 Nb6+ 68. Kc6 Nc4 69. b6 Nxb6 70. Kxb6 Kf6 71. Kc5 Kg7 72. Kd5 Kf6 73. Kd6 Kg7 74. Ke7 Kg8 75. Ke6 Kg7 76. Kf5 Kg8 77. Kf6 Kf8 78. g7+ Kg8 79. Ke6 Kxg7 80. Ke7 Kh7 81. Kf6 Kh8 82. Kg6 Kg8 83. Kxh6 Kh8 84. Kg6 Kg8 85. h6 Kh8 1/2-1/2